Statistiken für Markenlogos #4

Klicken Sie hier um das Quiz zu spielen!

Allgemein

  • Dieses Quiz wurde 3.717 mal gespielt
  • Das Durchschnittsergebnis liegt bei 12 aus 20

Antwortstatistiken

Marke% Korrekt
Facebook
100%
Red Bull
99%
IKEA
98%
Levi Strauss
95%
Snickers
95%
Visa
95%
Nintendo
88%
Louis Vuitton
86%
Air Jordan
81%
UPS
79%
Internet Explorer
67%
ING
61%
John Deere
55%
Fruit of the Loom
26%
Best Buy
23%
NBC
23%
American Airlines
19%
Arm & Hammer
2%
Gerber
2%
Cabbage Patch Kids
1%

Verteilung der Resultate

Perzentil nach korrekt beantworteten Fragen

Anzahl Personen mit jedem Resultat

Ihre Resultats-Entwicklung

Sie haben dieses Quiz noch nicht gespielt